|
|
|
|
| LEADER |
02224nam a2200445 4500 |
| 001 |
ocn756044025 |
| 003 |
OCoLC |
| 005 |
20180501121945.0 |
| 006 |
m o d |
| 007 |
cr mn||||||||| |
| 008 |
111006s1989 caua ob 001 0 eng d |
| 040 |
|
|
|a COF
|b eng
|e pn
|c COF
|d OPELS
|d OCLCQ
|d OPELS
|d OCLCF
|d KUK
|d OCLCQ
|d YDXCP
|d OCLCQ
|d GrThAP
|
| 020 |
|
|
|a 0121820785
|q (electronic bk.)
|
| 020 |
|
|
|a 9780121820787
|q (electronic bk.)
|
| 035 |
|
|
|a (OCoLC)756044025
|
| 050 |
|
4 |
|a QP601
|
| 082 |
0 |
4 |
|a 612.01
|
| 049 |
|
|
|a TEFA
|
| 245 |
0 |
0 |
|a Nuclear magnetic resonance.
|n Part B,
|p Structure and mechanism /
|c edited by Norman J. Oppenheimer, Thomas L. James.
|
| 260 |
|
|
|a San Diego :
|b Academic Press,
|c ©1989.
|
| 300 |
|
|
|a 1 online resource (xxvii, 507 pages) :
|b illustrations.
|
| 336 |
|
|
|a text
|b txt
|2 rdacontent
|
| 337 |
|
|
|a computer
|b c
|2 rdamedia
|
| 338 |
|
|
|a online resource
|b cr
|2 rdacarrier
|
| 490 |
1 |
|
|a Methods in enzymology ;
|v v. 177
|
| 504 |
|
|
|a Includes bibliographical references and indexes.
|
| 588 |
0 |
|
|a Print version record.
|
| 520 |
|
|
|a This volume, as does Volume 176, provides a general background of modern NMR techniques, with a specific focus on NMR techniques that pertain to proteins and enzymology, and a "snapshot" of the current state-of-the-art in NMR experimental techniques. These books enable the reader to understand a given technique, to evaluate its strengths and limitations, to decide which is the best approach, and, finally, to design an experiment using the chosen technique to solve a problem.
|
| 650 |
|
0 |
|a Nuclear magnetic resonance.
|
| 650 |
|
0 |
|a Proteins.
|
| 650 |
|
0 |
|a Enzyme kinetics.
|
| 650 |
|
7 |
|a Enzyme kinetics.
|2 fast
|0 (OCoLC)fst00913601
|
| 650 |
|
7 |
|a Nuclear magnetic resonance.
|2 fast
|0 (OCoLC)fst01040325
|
| 650 |
|
7 |
|a Proteins.
|2 fast
|0 (OCoLC)fst01079711
|
| 655 |
|
4 |
|a Electronic books.
|
| 700 |
1 |
|
|a Oppenheimer, Norman J.
|
| 700 |
1 |
|
|a James, Thomas L.
|
| 776 |
0 |
8 |
|i Print version:
|t Nuclear magnetic resonance. Part B, Structure and mechanism.
|d San Diego : Academic Press, ©1989
|z 0121820785
|w (OCoLC)20745761
|
| 830 |
|
0 |
|a Methods in enzymology ;
|v v. 177.
|
| 856 |
4 |
0 |
|u https://www.sciencedirect.com/science/bookseries/00766879/177
|z Full Text via HEAL-Link
|